Blue Lock : Isagi - Statistiques

Statistiques générales
  • Ce quiz a été pris 82 fois
    80 depuis la dernière actualisation
  • Le résultat moyen est 4 sur 24
Statistiques - réponses
Réponse % Correct
Oliver aiku
53%
Junichi Wanima
41%
Shuto Sendo
37%
Tsurugi Zantetsu
27%
Hajime Nishioka
24%
Reiji Hiiragi
20%
Teppei Neru
19%
Gen Fukaku
17%
Haru Hayate
17%
Miroku Darai
17%
Kairu Saramadara
15%
Kazuma Nio
15%
Shingen Tanaka
12%
Aiki Himizu
10%
Kento Cho
10%
Akira Endoji
8%
Kyohei Shiguma
8%
Haruhiko Yuzu
7%
Itsuki Wakatsuki
7%
Teru Kitsunezato
7%
Yukio Ishikari
7%
Shizuka Haiji
5%
Tetsu Sokura
5%
Taiga Tsunzaki
3%
Aucun quiz correspondant
Distribution des résultats
% des personnes avec chaque résultat
Percentile par nombre de réponses
Votre historique - résultats
Vous n’avez pas pris ce quiz depuis la dernière actualisation